ბათუმის შოთა რუსთაველის სახელმწიფო უნივერსიტეტის ბიბლიოთეკა

ეკონომიურ მოძღვრებათა ისტორია : (ბიბ.ჩანაწერი № 64066)

000 -ლიდერი
ფიქსირებული სიგრძის საკონტროლო ველი 01449nam a22002297a 4500
003 - საკონტროლო ნომრის იდენტიფიკატორი
საკონტროლო ველი Ge_BSU
005 - ბოლო ოპერაციის თარიღი და დრო
საკონტროლო ველი 20260320103947.0
008 - ფიქსირებული სიგრძის მონაცემთა ელემენტები - ზოგადი ინფორმაცია
ფიქსირებული სიგრძის საკონტროლო ველი 260320s1973 ge ||||| |||| 00| 0 geo d
041 ## - ენის კოდი
Language code of text/sound track or separate title geo
080 ## - უნივერსალური ათობითი კლასიფიკაციის ინდექსი
Universal Decimal Classification number 330.8(075.8) ბ-51
100 ## - მთავარი ჩანაწერი - პიროვნების სახელი
Personal name ბერაძე, ს.
9 (RLIN) 27165
245 ## - ცნობა სათაურის შესახებ
Title ეკონომიურ მოძღვრებათა ისტორია :
Remainder of title [სახელმძღვ. ეკონომ. ფაკ-ტების სტუდენტებისათვის]. ნაკვ. 1, [კაპიტალიზმამდელი ეპოქების ეკონომიური მოძღვრება] /
Statement of responsibility, etc ს. ბერაძე, გ. ჭანუყვაძე, ი. კრავცოვი.
264 ## - წარმოების, გამოცემის, დისტრიბუციის და სხვა ცნობები
გამოცემის, წარმოების, დისტრიბუციის... ადგილი თბილისი :
გამოცემის, წარმოების, დისტრიბუციის... სახელწოდება თბილ. უნ-ტის გამ-ბა,
გამოცემის, წარმოების, დისტრიბუციის... თარიღი 1973.
300 ## - ფიზიკური აღწერა
Extent 355 გვ.;
Other physical details 22 სმ.
500 ## - ზოგადი შენიშვნა
General note პარალ. სათ. რუსულ ენაზე
653 ## - INDEX TERM--UNCONTROLLED
Uncontrolled term ეკონომიურ მოძღვრებათა ისტორია
653 ## - INDEX TERM--UNCONTROLLED
Uncontrolled term კაპიტალიზმამდელი ეკონომიური მოძღვრებები
700 ## - ADDED ENTRY--PERSONAL NAME
Personal name ჭანუყვაძე, გ.
Relator term ავტორი
9 (RLIN) 26110
700 ## - ADDED ENTRY--PERSONAL NAME
Personal name ჭანუყვაძე, გ.
Relator term ავტორი
9 (RLIN) 26110
700 ## - ADDED ENTRY--PERSONAL NAME
Personal name კრავცოვი, ი.
Relator term ავტორი
9 (RLIN) 27166
942 ## - ADDED ENTRY ELEMENTS (KOHA)
Source of classification or shelving scheme
Koha item type წიგნი
ეგზემპლარები
ჩამოწერის სტატუსი დაკარგული ეგზემპლარის სტატუსი კლასიფიკაციის წყარო ან თაროზე გაწყობის სქემა დაზიანების სტატუსი არ გაიცემა მუდმივი მდებარეობა (დაცვის ადგილი) ამჟამინდელი ადგილსამყოფელი თაროზე განთავსების ადგილი შეძენის თარიღი ღირებულება, შესყიდვის ნორმალური ფასი სრული შენახვის შიფრი შტრიხკოდი ბოლო ოპერაციის თარიღი ეგზემპლარის მიმდევრობითი ნომერი (კეტერი?) ფასის ძალაში შესვლის თარიღი ეგზემპლარის სახეობა საჯარო შენიშვნა
          ბათუმის შოთა რუსთაველის სახელმწიფო უნივერსიტეტის მთავარი ბიბლიოთეკა ბათუმის შოთა რუსთაველის სახელმწიფო უნივერსიტეტის მთავარი ბიბლიოთეკა წიგნსაცავი 2026-03-20 2.38 330.8(075.8) ბ-51 74013 2026-03-20 74013 2026-03-20 წიგნი 2 ლ. 38 თ.